Statistics for Catalonia Quiz

Click here to take the quiz!

General Stats

  • This quiz has been taken 149 times
    (148 since last reset)
  • The average score is 12 of 16

Answer Stats

HintAnswer% Correct
General who banned Catalan during his dictatorshipFrancisco Franco
98%
Country in which Catalan is an official languageAndorra
97%
Mountain range in the northPyrenees
95%
FC Barcelona all-time top scorerLionel Messi
94%
Basilica that has been in construction since 1882Sagrada Família
93%
Island chain that is considered a Catalan countryBaleares
91%
A monument in Barcelona honors his first voyage to the AmericasChristopher Columbus
90%
Its architectAntoni Gaudí
86%
Sports event hosted by Barcelona in 1992Summer Olympics
82%
Football stadium with nearly 100,000 seatsCamp Nou
81%
Dragon-slaying patron saint, known as Sant Jordi in CatalanSt. George
79%
Profession of Catalan celebrity Montserrat CaballéOpera singer
72%
"Bodas de sangre" poet who was killed in the Spanish Civil WarFederico García Lorca
50%
Woody Allen film starring Scarlett Johansson and Penélope CruzVicky Christina Barcelona
44%
British author who wrote "Homage to Catalonia"George Orwell
41%
Famous esplanadeLa Rambla
38%

Score Distribution

Percentile by Number Answered

Percent of People with Each Score

Your Score History

You have not taken this quiz since the last reset